Britanica Ready Reference Encyclopedia (Record no. 5442)

MARC details
000 -LEADER
fixed length control field 00239nam a22000857a 4500
008 - FIXED-LENGTH DATA ELEMENTS--GENERAL INFORMATION
fixed length control field 170113b xxu||||| |||| 00| 0 eng d
100 ## - MAIN ENTRY--PERSONAL NAME
9 (RLIN) 2409
Personal name Britanica
245 ## - TITLE STATEMENT
Title Britanica Ready Reference Encyclopedia
260 ## - PUBLICATION, DISTRIBUTION, ETC. (IMPRINT)
Place of publication, distribution, etc. New Delhi
Name of publisher, distributor, etc. Encyclopedia
Date of publication, distribution, etc. 2005
Holdings
Withdrawn status Lost status Source of classification or shelving scheme Damaged status Koha normalized classification for sorting Not for loan Home library Current library Shelving location Date acquired Total Checkouts Full call number Barcode Date last seen Price effective from Koha item type
    Dewey Decimal Classification   003_000000000000000   Good Samaritan School Library Good Samaritan School Library Economics 01/13/2017   003 BRI4106 01/13/2017 01/13/2017 BOOK
    Dewey Decimal Classification   003_000000000000000   Good Samaritan School Library Good Samaritan School Library Economics 01/13/2017   003 BRI4107 01/13/2017 01/13/2017 BOOK
    Dewey Decimal Classification   003_000000000000000   Good Samaritan School Library Good Samaritan School Library Economics 01/13/2017   003 BRI4108 01/13/2017 01/13/2017 BOOK
    Dewey Decimal Classification   003_000000000000000   Good Samaritan School Library Good Samaritan School Library Economics 01/13/2017   003 BRI4109 01/13/2017 01/13/2017 BOOK
    Dewey Decimal Classification   003_000000000000000   Good Samaritan School Library Good Samaritan School Library Economics 01/13/2017   003 BRI4110 01/13/2017 01/13/2017 BOOK

Powered by Koha